Adab dan akhlak Rasulluallah Sallallahu'Alaihi Wassallam

Bibliographic Details
Main Author: Al-Khuli, Muhammad Abdul Aziz
Other Authors: Abu Azka Al-Madani, Harun Arrasyid Haji Tuskan
Format: Book
Published: Johor Bahru : Perniagaan Jahabersa , 2014
Subjects:

MARC

LEADER 00000cam a2200000 7i4500
001 0000075551
005 20171001.0
008 170921
020 |a 9789673085514 
041 0 |a Malay 
090 0 0 |a 297.63   |b ALK 
100 0 |a Al-Khuli, Muhammad Abdul Aziz 
245 0 0 |a Adab dan akhlak Rasulluallah Sallallahu'Alaihi Wassallam   |c Muhammad Abdul Aziz Al-Khuli 
260 |a Johor Bahru :   |b Perniagaan Jahabersa ,   |c 2014 
300 |a 613p. ;   |c 24.8 cm. 
541 0 0 |c Purchased on 2017 
650 0 |a Islamic ethics 
650 0 |a Muhammad, Prophet 
700 0 |a Abu Azka Al-Madani 
700 0 |a Harun Arrasyid Haji Tuskan 
999 |a 0001470032   |b Book   |c Adult Collection   |e Cawangan Sri Merlong 
999 |a 0001470033   |b Book   |c Adult Collection   |e Cawangan Mersing 
999 |a 0001470034   |b Book   |c Adult Collection   |e Cawangan Segamat 
999 |a 0001470035   |b Book   |c Adult Collection   |e Cawangan Bandar Penawar 
999 |a 0001470036   |b Book   |c Adult Collection   |e Cawangan Kota Tinggi 
999 |a 0001470037   |b Book   |c Adult Collection   |e Cawangan Taman Sri Lambak 
999 |a 0001470038   |b Book   |c Adult Collection   |e Cawangan Bandar Tenggara 
999 |a 0001470039   |b Book   |c Adult Collection   |e Cawangan Tmn. Ungku Tun Aminah 
999 |a 0001470040   |b Book   |c Adult Collection   |e Cawangan Muar 
999 |a 0001470041   |b Book   |c Adult Collection   |e Cawangan Pontian 
999 |a 0001470042   |b Book   |c Adult Collection   |e Cawangan Tangkak 
999 |a 0001470043   |b Book   |c Adult Collection   |e Cawangan Batu Pahat 
999 |a 0001470044   |b Book   |c Adult Collection   |e Cawangan Bukit Gambir 
999 |a 0001473862   |b Book   |c Adult Collection   |e Perbadanan Perpustakaan Awam Johor